Hyrule Warriors DE All Playable Characters - Statistics

General Stats
  • This quiz has been taken 47 times
  • The average score is 24 of 31
Answer Stats
Hint Answer % Correct
Hyrule Warriors Link
100%
Hyrule Warriors Zelda
100%
Hyrule Warriors Impa
94%
Twilight Princess Midna
94%
Wind Waker Toon Link
91%
Skyward Sword Fi
88%
Hyrule Warriors Ganondorf
88%
Skyward Sword Ghirahim
88%
Majora's Mask Skull Kid
88%
Wind Waker Tetra
88%
Ocarina of Time Darunia
84%
Ocarina of Time Ruto
84%
Hyrule Warriors Sheik
84%
Twilight Princess Zant
84%
Hyrule Warriors Cia
81%
Link's Awakening Marin
81%
A Link Between Worlds Ravio
81%
Majora's Mask Young Link
81%
Hyrule Warriors Lana
78%
Hyrule Warriors Linkle
78%
Twilight Princess Agitha
75%
Spirit Tracks Toon Zelda
75%
Wind Waker Medli
72%
Hyrule Warriors Volga
72%
A Link Between Worlds Yuga
72%
Majora's Mask Tingle
69%
Hyrule Warriors Wizzro
66%
Wind Waker King Daphnes
59%
Twilight Princess Twili Midna
59%
Hyrule Warriors Beast Ganon
19%
Hyrule Warriors Giant Cucco
13%
No matching quizzes found
Score Distribution
Percent of People with Each Score
Percentile by Number Answered
Your Score History
You have not taken this quiz